000 01204nam a2200229Ia 4500
003 Ost
005 20260507074924.0
008 260507s9999||||xx |||||||||||||| ||und||
040 _cfsecg
041 _aara
082 _a332.6
100 _aآل شبيب، دريد كامل
_eمؤلف
245 0 _aالإستثمار والتحليل الإستثماري /
_c دريد كامل آل شبيب
260 _aعمان:
_bدار اليازوري العلمية,
_c2009
300 _a431 صفحة؛
_bإيضاحات ؛
_c24 سم
504 _aببليوغرافيا: ص.427
520 _aمفهوم وأهداف إدارة الإستثمار -القيمة الزمنية للنقود وأهميتها في تقويم الإستثمارات المستقبلية والحالية -العائد والمخاطر في الإستثمار -شركات وأدوات الإستثمارات المالية -الأسواق المالية -الأدوات المالية المتداولة في الأسواق المالية -المحافظ الإستثمارية -المشتقات المالية
653 _aالإستثمار
653 _aالبورصات
653 _aالنقود
942 _cكتاب
999 _c41819
_d41819